| 000 | 00343nam a2200133Ia 4500 | ||
|---|---|---|---|
| 005 | 20251222141844.0 | ||
| 008 | 251222s9999||||xx |||||||||||||| ||spa|| | ||
| 020 | _a84-8088-202-6 | ||
| 082 | _a658.3/P48 | ||
| 100 | _aPetrick, Joseph A. | ||
| 245 | 0 | _aCalidad Total en la Dirección de Recursos Humanos | |
| 264 | _bGestión 2000 | ||
| 942 | _cLIB | ||
| 999 |
_c7516 _d7516 |
||